Statistics for Πρωτεύουσες του Κόσμου - Α

Click here to take the quiz!

General Stats

  • This quiz has been taken 375 times
  • The average score is 10 of 18

Answer Stats

Α% Correct
Αθήνα
96%
Άγκυρα
82%
Αλγέρι
73%
Αντίς Αμπέμπα
65%
Αμμάν
63%
Άμστερνταμ
62%
Άκκρα
61%
Ανόι
56%
Αβάνα
55%
Ασουνσιόν
55%
Ανταναναρίβο
50%
Ασμάρα
50%
Άγιος Μαρίνος (Σαν Μαρίνο)
49%
Άμπου Ντάμπι
49%
Αμπούτζα
44%
Ασγκαμπάτ
43%
Ανδόρρα λα Βέλια
40%
Απία
35%

Score Distribution

Percentile by Number Answered

Percent of People with Each Score

Your Score History

You have not taken this quiz